Business principles. Business 14, RT2 02 - Abney /

Dallas County Community College District - Continuing Education/Noncredit Courses: In addition to college credit classes, this video was designed to improve your business skills -- if you dream of owning your own business or help you become the corporate executive you want to be. These Continuing Ed...

Full description

Bibliographic Details
Format: Video
Language:English
Language Notes:In English.
Published: Dallas, TX : Dallas County Community College District, 2013.
Series:Academic Video Online
Subjects:
Online Access:Connect to this streaming video (Alexander Street Press)

MARC

Tag First Indicator Second Indicator Subfields
LEADER 00000cgm a2200000 i 4500
001 in00005543708
006 m o c
007 cr |n||||||||a
007 vz |za|z|
008 190520s2013 txu001 e o vueng d
005 20241201230026.9
035 |a (OCoLC)on1112139582 
040 |a ALSTP  |b eng  |e rda  |c ALSTP  |d OCLCO  |d OCLCF  |d OCLCA  |d OCLCO  |d OCLCQ  |d NUI  |d OCLCQ 
019 |a 1373546066  |a 1430852157  |a 1443966825 
035 |a (OCoLC)1112139582  |z (OCoLC)1373546066  |z (OCoLC)1430852157  |z (OCoLC)1443966825 
049 |a TXAM 
245 0 0 |a Business principles.  |n Business 14,  |p RT2 02 - Abney /  |c [produced by Dallas TeleLearning]. 
264 1 |a Dallas, TX :  |b Dallas County Community College District,  |c 2013. 
300 |a 1 online resource (1 minute) 
306 |a 000042 
336 |a two-dimensional moving image  |b tdi  |2 rdacontent 
337 |a computer  |b c  |2 rdamedia 
337 |a video  |b v  |2 rdamedia 
338 |a online resource  |b cr  |2 rdacarrier 
347 |a video file  |2 rda 
490 0 |a Academic Video Online 
500 |a Title from resource description page (viewed May 20, 2019). 
520 |a Dallas County Community College District - Continuing Education/Noncredit Courses: In addition to college credit classes, this video was designed to improve your business skills -- if you dream of owning your own business or help you become the corporate executive you want to be. These Continuing Education (CE)/Noncredit courses do not offer college credit but may apply toward industry credentials or other workplace certificates. In this course module: Successful entrepreneurs share their management strategies. 
546 |a In English. 
650 0 |a Business enterprises. 
650 0 |a Consumer behavior. 
650 0 |a Customer relations. 
650 6 |a Entreprises. 
650 6 |a Consommateurs  |x Comportement. 
650 7 |a Business enterprises.  |2 fast  |0 (OCoLC)fst00842519 
650 7 |a Consumer behavior.  |2 fast  |0 (OCoLC)fst00876238 
650 7 |a Customer relations.  |2 fast  |0 (OCoLC)fst00885533 
655 7 |a Educational films.  |2 fast  |0 (OCoLC)fst01726235 
655 7 |a Film excerpts.  |2 fast  |0 (OCoLC)fst01726130 
655 7 |a Educational films.  |2 lcgft 
655 7 |a Film excerpts.  |2 lcgft 
655 7 |a Films éducatifs.  |2 rvmgf 
710 2 |a Dallas TeleLearning (Firm),  |e production company. 
856 4 0 |u http://proxy.library.tamu.edu/login?url=https://www.aspresolver.com/aspresolver.asp?MARC;3223625  |z Connect to this streaming video (Alexander Street Press)  |t 0 
955 |a Alexander Street Press subscription streaming video 
994 |a 92  |b TXA 
999 f f |s cd819035-1305-4f87-a56a-9ba3618d8220  |i cc3cfe4c-df8c-421d-812d-c1012b47a949  |t 0 
952 f f |a Texas A&M University  |b College Station  |c Electronic Resources  |d Available Online  |t 0  |h Library of Congress classification 
998 f f |t 0  |l Available Online